Financial markets and institutions / (Record no. 354923)
[ view plain ]
| 000 -LEADER | |
|---|---|
| fixed length control field | 00426nam a2200157Ia 4500 |
| 003 - CONTROL NUMBER IDENTIFIER | |
| control field | sisc |
| 005 - DATE AND TIME OF LATEST TRANSACTION | |
| control field | 20180206111314.0 |
| 008 - FIXED-LENGTH DATA ELEMENTS--GENERAL INFORMATION | |
| fixed length control field | 180205s9999 xx 000 0 und d |
| 020 ## - INTERNATIONAL STANDARD BOOK NUMBER | |
| International Standard Book Number | 9789814738545 |
| 100 ## - MAIN ENTRY--PERSONAL NAME | |
| Personal name | Saunders, Anthony |
| 245 ## - TITLE STATEMENT | |
| Statement of responsibility, etc | Cornett, Marcia millon |
| Title | Financial markets and institutions / |
| 250 ## - EDITION STATEMENT | |
| Edition statement | 6th ed |
| 260 ## - PUBLICATION, DISTRIBUTION, ETC. (IMPRINT) | |
| Place of publication, distribution, etc | Quezon City |
| Name of publisher, distributor, etc | C & E publishing |
| Date of publication, distribution, etc | 2016 |
| 300 ## - PHYSICAL DESCRIPTION | |
| Extent | vi, 744 pages |
| 942 ## - ADDED ENTRY ELEMENTS (KOHA) | |
| Source of classification or shelving scheme | Library of Congress Classification |
| Koha item type | Books |
| Withdrawn status | Lost status | Damaged status | Home library | Current library | Shelving location | Date acquired | Source of acquisition | Total Checkouts | Full call number | Barcode | Date last seen | Price effective from | Koha item type |
|---|---|---|---|---|---|---|---|---|---|---|---|---|---|
| College Library | College Library | Reserve Section | 02/05/2018 | Library Fund | HG 181 .Sa255 2016 | C21150 | 05/15/2018 | 02/05/2018 | Books |